000 00643nam a2200241Ia 4500
005 20250508163957.0
008 008 250505s9999 xx 000 0 eng d
037 _aTextBook
040 _aFEDL
_beng
_cFEDL
041 _aeng
_2eng
084 _a300.7, SHA
_qFEDL
100 _aShaida B D
245 0 _aTeaching of social studies
250 _a4 rev
260 _aNew Delhi, India
_bArya Book Depot
_c2001
300 _a261p
365 _aINR
_b75
546 _aApendix P i-xvi
650 _aSoical Science - Teaching
_9776914
700 _a Shaida A K
_9776915
942 _cTB
_h300.7, SHA
999 _c1386388
_d1386388